Ethnografia espanola

Αποθηκεύτηκε σε:
Λεπτομέρειες βιβλιογραφικής εγγραφής
Συγγραφή απο Οργανισμό/Αρχή: Ministero de Cultura
Μορφή: Βιβλίο
Γλώσσα:Spanish
Δημοσίευση: Madrid : Instituto de Conservation y Restauracion de Bienew Culturales, 1995
Θέματα:
Ετικέτες: Προσθήκη ετικέτας
Δεν υπάρχουν, Καταχωρήστε ετικέτα πρώτοι!

MARC

LEADER 00000nam a2200000 i 4500
001 1/6312
008 960627s1995 spa d
020 |a 84-8181-104-1 
035 |l 10016309 
040 |a GR-MY-UA  |b gre  |e aacr 
041 0 |a spa 
082 0 |a 305.800946 
110 2 |a Ministero de Cultura. 
245 1 0 |a Ethnografia espanola /  |c Ministerio de Cultura 
260 |a Madrid :   |b Instituto de Conservation y Restauracion de Bienew Culturales,   |c 1995 
300 |a 307 p. 
650 0 0 |a Ethnology  |z Spain. 
852 |a INST  |b LESVOS  |e 19960802  |h 305.800946 MIN  |p 005100009352  |q 005100009352  |t BK  |y 0  |z v.8 
852 |a INST  |b LESVOS  |e 19960627  |h 305.800946 MIN  |p 005100009760  |q 005100009760  |t BK  |y 0  |z v.9 
852 |a INST  |b LESVOS  |e 19960802  |h 305.800946 MIN  |p 005100009352  |q 005100009352  |t BK  |v v.8:  |y 0  |z v.8 
852 |a INST  |b LESVOS  |e 19960627  |h 305.800946 MIN  |p 005100009760  |q 005100009760  |t BK  |v v.9:  |y 0  |z v.9 
853 |a INST  |b LESVOS  |h 305.800946 MIN 
909 |a Λ  |b 044057 
909 |a Λ  |b 023269 
920 |a ΔΩΡΕΑ ΒΙΒΛΙΟΘΗΚΗΣ  |y ΛΕΣΒΟΣ  |z 1992-06 
970 |a ΚΑΜΑΤΣΟΥ  |b ΔΕΣΠΟΙΝΑ  |z 2000/01/18